Statystyki dla terraria bosses

Kliknij tutaj aby rozwiązać quiz!

Ogólne statystyki

  • Ten quiz został rozwiązany 130 razy
  • Średni wynik to 15 z 18

Statystyki odpowiedzi

HintOdpowiedź% Poprawnych
and his brainbrain of cthulhu
92%
fish out of the waterduke fishron
91%
eye...eye of cthulhu
89%
deer with 1 eyedeerclops
88%
flying fairyempress of light
88%
just like the first boss but femalequeen slime
87%
gate of hard modewall of flesh
87%
the cultistlunatic cultist
86%
last bossmoonlord
86%
large skeleton with 2 armsskeletron
86%
1st bossking slime
83%
black and yellow with stingqueen bee
83%
pink flowerplantera
82%
the worm but buffedthe destroyer
82%
brown very long wormeater of worlds
80%
roped eyesthe twins
76%
large skeleton with 4 armsskeletron prime
70%
clay mangolem
58%

Rozkład punktacji

Percentyl według liczby udzielonych odpowiedzi

Procent ludzi z każdym wynikiem

Twoja historia wyników

Nie rozwiązałeś tego quizu